<?xml version="1.0" encoding="UTF-8"?>
<record
    xmlns:xsi="http://www.w3.org/2001/XMLSchema-instance"
    xsi:schemaLocation="http://www.loc.gov/MARC21/slim http://www.loc.gov/standards/marcxml/schema/MARC21slim.xsd"
    xmlns="http://www.loc.gov/MARC21/slim">

  <leader>02483nam a2200373 i 4500</leader>
  <controlfield tag="001">000030643</controlfield>
  <controlfield tag="003">DO-SdBNP</controlfield>
  <controlfield tag="005">20260416092024.0</controlfield>
  <controlfield tag="007">ta</controlfield>
  <controlfield tag="008">081031t2011    dr      r     001 0 spa d</controlfield>
  <datafield tag="020" ind1=" " ind2=" ">
    <subfield code="a">8489525579</subfield>
  </datafield>
  <datafield tag="040" ind1=" " ind2=" ">
    <subfield code="a">DO-SdBNP</subfield>
    <subfield code="b">spa</subfield>
    <subfield code="c">BNPHU</subfield>
    <subfield code="e">rda</subfield>
  </datafield>
  <datafield tag="041" ind1=" " ind2=" ">
    <subfield code="a">spa</subfield>
  </datafield>
  <datafield tag="082" ind1=" " ind2="4">
    <subfield code="a">501</subfield>
    <subfield code="b">C569t 2011</subfield>
    <subfield code="2">22</subfield>
  </datafield>
  <datafield tag="245" ind1="0" ind2="0">
    <subfield code="a">Ciencia, tecnolog&#xED;a &amp; sociedad :</subfield>
    <subfield code="b">selecci&#xF3;n de textos de quehacer cient&#xED;fico I /</subfield>
    <subfield code="c">compilador, Andr&#xE9;s Molina </subfield>
  </datafield>
  <datafield tag="264" ind1=" " ind2="4">
    <subfield code="a">Santo Domingo :</subfield>
    <subfield code="b">INTEC,</subfield>
    <subfield code="c">&#xA9;2011.</subfield>
  </datafield>
  <datafield tag="300" ind1=" " ind2=" ">
    <subfield code="a">246 p&#xE1;ginas ;</subfield>
    <subfield code="c">23 cm.</subfield>
  </datafield>
  <datafield tag="336" ind1=" " ind2=" ">
    <subfield code="a">texto</subfield>
    <subfield code="b">txt</subfield>
    <subfield code="2">rdacontent</subfield>
  </datafield>
  <datafield tag="337" ind1=" " ind2=" ">
    <subfield code="a">sin mediaci&#xF3;n</subfield>
    <subfield code="b">n</subfield>
    <subfield code="2">rdamedia</subfield>
  </datafield>
  <datafield tag="338" ind1=" " ind2=" ">
    <subfield code="a">volumen</subfield>
    <subfield code="b">nc</subfield>
    <subfield code="2">rdacarrier</subfield>
  </datafield>
  <datafield tag="500" ind1=" " ind2=" ">
    <subfield code="a">La biblioteca posee la segunda  reimpresi&#xF3;n del 2011.</subfield>
  </datafield>
  <datafield tag="505" ind1="0" ind2=" ">
    <subfield code="a">Introducci&#xF3;n--</subfield>
    <subfield code="t">La ciencia, una construcci&#xF3;n humana /</subfield>
    <subfield code="r">Andr&#xE9;s Molina --</subfield>
    <subfield code="g">Parte 1--</subfield>
    <subfield code="t">El saber cient&#xED;fico --</subfield>
    <subfield code="t">&#xBF;Qu&#xE9; es la ciencia? /</subfield>
    <subfield code="r">Mario Bunge --</subfield>
    <subfield code="t">Ciencia y filosof&#xED;a /</subfield>
    <subfield code="r">Marx Wartofsky --</subfield>
    <subfield code="g">Parte 2--</subfield>
    <subfield code="t">Ciencia, tecnolog&#xED;a y sociedad--</subfield>
    <subfield code="t">Or&#xED;genes de las relaciones ciencia-poder pol&#xED;tico /</subfield>
    <subfield code="r">J. J. Salomon --</subfield>
    <subfield code="t">Ciencia moderna y burgues&#xED;a /</subfield>
    <subfield code="r">Stefano Sonnati --</subfield>
    <subfield code="t">Ciencia, tecnolog&#xED;a y desarrollo: algunos modelos de relaci&#xF3;n /</subfield>
    <subfield code="r">Luis A. Camacho N. --</subfield>
    <subfield code="t">El desarrollo de la tecnolog&#xED;a /</subfield>
    <subfield code="r">Gomory E. Ralph --</subfield>
    <subfield code="t">Ciencia y tecnolog&#xED;a /</subfield>
    <subfield code="r">J. Ziman --</subfield>
    <subfield code="t">La tecnolog&#xED;a y nuestras responsabilidades hacia las generaciones futuras /</subfield>
    <subfield code="r">Jhon J. Snyder --</subfield>
    <subfield code="g">Parte 3 --</subfield>
    <subfield code="t">&#xBF;Hay un m&#xE9;todo de la ciencia? --</subfield>
    <subfield code="t">El m&#xE9;todo cient&#xED;fico /</subfield>
    <subfield code="r">Mario Bunge --</subfield>
    <subfield code="t">Las hip&#xF3;tesis y el m&#xE9;todo cient&#xED;fico /</subfield>
    <subfield code="r">Cohen-Nagel --</subfield>
    <subfield code="t">Miseria de la metodolog&#xED;a /</subfield>
    <subfield code="r">Andr&#xE9;s Molina --</subfield>
    <subfield code="t">Revoluciones cient&#xED;ficas y cambios conceptuales /</subfield>
    <subfield code="r">H. Browun --</subfield>
    <subfield code="g">Parte 4 --</subfield>
    <subfield code="t">Cr&#xED;tica de la raz&#xF3;n cient&#xED;fica --</subfield>
    <subfield code="t">Prosupuestos y l&#xED;mites de la ciencia --</subfield>
    <subfield code="r">Peter E. Hodgson --</subfield>
    <subfield code="t">Los argumentos extra&#xED;dos de la metodolog&#xED;a no demuestran la superioridad de la ciencia /</subfield>
    <subfield code="r">Paul Feyerabend.</subfield>
  </datafield>
  <datafield tag="590" ind1=" " ind2=" ">
    <subfield code="a">Inventariado, 2018/BT</subfield>
  </datafield>
  <datafield tag="650" ind1=" " ind2="4">
    <subfield code="a">Filosof&#xED;a de la ciencia</subfield>
    <subfield code="x">Ensayos, conferencias, etc.</subfield>
    <subfield code="9">334</subfield>
  </datafield>
  <datafield tag="650" ind1=" " ind2="4">
    <subfield code="a">Filosof&#xED;a de la ciencia</subfield>
    <subfield code="x">Estudio y ense&#xF1;anza</subfield>
    <subfield code="9">335</subfield>
  </datafield>
  <datafield tag="650" ind1=" " ind2="4">
    <subfield code="a">Ciencia</subfield>
    <subfield code="x">Ensayos, conferencias, etc.</subfield>
    <subfield code="9">336</subfield>
  </datafield>
  <datafield tag="650" ind1=" " ind2="4">
    <subfield code="a">Ciencia</subfield>
    <subfield code="x">Estudio y ense&#xF1;anza</subfield>
    <subfield code="9">337</subfield>
  </datafield>
  <datafield tag="650" ind1=" " ind2="4">
    <subfield code="a">Tecnolog&#xED;a</subfield>
    <subfield code="x">Ensayos, conferencias, etc.</subfield>
    <subfield code="9">338</subfield>
  </datafield>
  <datafield tag="650" ind1=" " ind2="4">
    <subfield code="a">Tecnolog&#xED;a</subfield>
    <subfield code="x">Estudio y ense&#xF1;anza</subfield>
    <subfield code="9">339</subfield>
  </datafield>
  <datafield tag="700" ind1="1" ind2=" ">
    <subfield code="a">Molina, Andr&#xE9;s,</subfield>
    <subfield code="e">compilador</subfield>
    <subfield code="4">comp.</subfield>
    <subfield code="9">340</subfield>
  </datafield>
  <datafield tag="710" ind1="2" ind2=" ">
    <subfield code="a">Instituto Tecnol&#xF3;gico de Santo Domingo</subfield>
    <subfield code="9">78911</subfield>
  </datafield>
  <datafield tag="910" ind1=" " ind2=" ">
    <subfield code="a">Validado. Control de calidad. MFF</subfield>
  </datafield>
  <datafield tag="942" ind1=" " ind2=" ">
    <subfield code="2">ddc</subfield>
    <subfield code="c">LBS1</subfield>
  </datafield>
  <datafield tag="952" ind1=" " ind2=" ">
    <subfield code="0">0</subfield>
    <subfield code="1">0</subfield>
    <subfield code="2">ddc</subfield>
    <subfield code="5">6</subfield>
    <subfield code="7">0</subfield>
    <subfield code="8">DS</subfield>
    <subfield code="a">BNPHU</subfield>
    <subfield code="b">BNPHU</subfield>
    <subfield code="c">HD</subfield>
    <subfield code="d">2012-03-23</subfield>
    <subfield code="e">Dep&#xF3;sito Legal</subfield>
    <subfield code="l">0</subfield>
    <subfield code="o">BNPHU DS 501 C569t 2011</subfield>
    <subfield code="p">30643-30</subfield>
    <subfield code="r">2020-06-25</subfield>
    <subfield code="t">e.  3</subfield>
    <subfield code="w">2020-06-25</subfield>
    <subfield code="y">LBS1</subfield>
    <subfield code="Z">Pr&#xE9;stamo en sala</subfield>
  </datafield>
  <datafield tag="952" ind1=" " ind2=" ">
    <subfield code="0">0</subfield>
    <subfield code="1">0</subfield>
    <subfield code="2">ddc</subfield>
    <subfield code="5">1</subfield>
    <subfield code="7">0</subfield>
    <subfield code="8">PD</subfield>
    <subfield code="a">BNPHU</subfield>
    <subfield code="b">BNPHU</subfield>
    <subfield code="c">HD</subfield>
    <subfield code="d">2011-05-25</subfield>
    <subfield code="e">Dep&#xF3;sito Legal</subfield>
    <subfield code="l">0</subfield>
    <subfield code="o">BNPHU PD 501 C569t 2011</subfield>
    <subfield code="p">30643-10</subfield>
    <subfield code="r">2020-06-25</subfield>
    <subfield code="w">2020-06-25</subfield>
    <subfield code="y">LBS1</subfield>
    <subfield code="Z">No se presta</subfield>
  </datafield>
  <datafield tag="952" ind1=" " ind2=" ">
    <subfield code="0">0</subfield>
    <subfield code="1">0</subfield>
    <subfield code="2">ddc</subfield>
    <subfield code="5">1</subfield>
    <subfield code="7">0</subfield>
    <subfield code="8">PD</subfield>
    <subfield code="a">BNPHU</subfield>
    <subfield code="b">BNPHU</subfield>
    <subfield code="c">HD</subfield>
    <subfield code="d">2011-05-25</subfield>
    <subfield code="e">Dep&#xF3;sito Legal</subfield>
    <subfield code="l">0</subfield>
    <subfield code="o">BNPHU PD 501 C569t 2011</subfield>
    <subfield code="p">30643-20</subfield>
    <subfield code="r">2020-06-25</subfield>
    <subfield code="t">e. 2</subfield>
    <subfield code="w">2020-06-25</subfield>
    <subfield code="y">LBS1</subfield>
    <subfield code="Z">No se presta</subfield>
  </datafield>
  <datafield tag="999" ind1=" " ind2=" ">
    <subfield code="c">30135</subfield>
    <subfield code="d">30135</subfield>
  </datafield>
</record>
